Helísek, Mojmír: Makroekonomie. Základní kurs

Recenzia publikácie Helísek, Mojmír: Makroekonomie. Základní kurs. 2. vyd. Praha: Melandrium 2002. 326 s. Obsahom vysokoškolskej učebnice je výklad štandardnej makroekonomickej teórie.

Salvato in:
Dettagli Bibliografici
Autore principale: Hontyová, Kajetána
Natura: Capitolo di libro
Lingua:slovacco
Soggetti:
Tags: Aggiungi Tag
Nessun Tag, puoi essere il primo ad aggiungerne!!

MARC

LEADER 00000naa a2200000 4500
001 r048969
005 20230929074926.7
041 0 |a slo 
044 |a SK 
245 1 0 |a Helísek, Mojmír: Makroekonomie. Základní kurs  |c Kajetana Hontyová 
520 |a Recenzia publikácie Helísek, Mojmír: Makroekonomie. Základní kurs. 2. vyd. Praha: Melandrium 2002. 326 s. Obsahom vysokoškolskej učebnice je výklad štandardnej makroekonomickej teórie. 
610 2 0 |a recenzie 
610 2 0 |a makroekonomika 
610 2 0 |a učebnice 
100 1 |a Hontyová, Kajetána